000 00449nam a22001697a 4500
005 20230117104052.0
008 220215b ||||| |||| 00| 0 eng d
020 _a9789383635771
041 _aeng
082 _a615.19
_bMAM-P
100 _aMAMAVALAN, DR. R AND RAMASAMY , DR , C.
_97105
245 _aPHYSICAL PHARMACEUTICS
260 _aHYDRABAD
_bPHARMA MED PRESS
_c2015
300 _a374;P.
650 _aPHARMACY
_xB.PHARMA
_97083
942 _cBK
999 _c7936
_d7934